ბათუმის შოთა რუსთაველის სახელმწიფო უნივერსიტეტის ბიბლიოთეკა

ქართული ხალხური დღეობების კალენდარი : ხევსურეთი II (ბუდე-ხევსურეთი, შატილ-მიღმახევი) / (ბიბ.ჩანაწერი № 56684)

000 -ლიდერი
ფიქსირებული სიგრძის საკონტროლო ველი 01353nam a2200265Ia 4500
001 - საკონტროლო ნომერი
საკონტროლო ველი 23806
003 - საკონტროლო ნომრის იდენტიფიკატორი
საკონტროლო ველი GE_BSU
005 - ბოლო ოპერაციის თარიღი და დრო
საკონტროლო ველი 20191031121816.0
008 - ფიქსირებული სიგრძის მონაცემთა ელემენტები - ზოგადი ინფორმაცია
ფიქსირებული სიგრძის საკონტროლო ველი 181216s2005|||| |||||||||||||| ||geo||
020 ## - წიგნის საერთაშორისო სტანდარტული ნომერი
International Standard Book Number 9994002090
040 ## - კატალოგიზაციის წყარო
Transcribing agency GE_BSU
041 ## - ენის კოდი
Language code of text/sound track or separate title geo
080 ## - უნივერსალური ათობითი კლასიფიკაციის ინდექსი
Universal Decimal Classification number 398.33(=353.1):39(=353.1) ო-91
100 ## - მთავარი ჩანაწერი - პიროვნების სახელი
Personal name ოჩიაური, ალექსი.
9 (RLIN) 68
245 ## - ცნობა სათაურის შესახებ
Title ქართული ხალხური დღეობების კალენდარი : ხევსურეთი II (ბუდე-ხევსურეთი, შატილ-მიღმახევი) /
Statement of responsibility, etc ალექსი, ოჩიაური ; რედ : თ. ოჩიაური.
264 ## - წარმოების, გამოცემის, დისტრიბუციის და სხვა ცნობები
გამოცემის, წარმოების, დისტრიბუციის... ადგილი თბილისი :
გამოცემის, წარმოების, დისტრიბუციის... სახელწოდება [ენა და კულტურა],
გამოცემის, წარმოების, დისტრიბუციის... თარიღი 2005.
300 ## - ფიზიკური აღწერა
Extent 399 გვ .:
Dimensions 29 სმ.
504 ## - BIBLIOGRAPHY, ETC. NOTE
Bibliography, etc ბიბლიოგრაფ.გვ:391-399
653 ## - INDEX TERM--UNCONTROLLED
Uncontrolled term ქართული ხალხური დღეობები
653 ## - INDEX TERM--UNCONTROLLED
Uncontrolled term ხევსურეთის ეთნოგრაფია
653 ## - INDEX TERM--UNCONTROLLED
Uncontrolled term ეთნოგრაფია ეთნოლოგია ზნე-ჩვეულებანი ხალხთა ცხოვრება.ფოლკლორი
700 ## - ADDED ENTRY--PERSONAL NAME
Personal name ოჩიაური, თ
Relator term რედაქტორი
9 (RLIN) 69
942 ## - ADDED ENTRY ELEMENTS (KOHA)
Koha item type წიგნი
Source of classification or shelving scheme
ეგზემპლარები
ჩამოწერის სტატუსი დაკარგული ეგზემპლარის სტატუსი კლასიფიკაციის წყარო ან თაროზე გაწყობის სქემა დაზიანების სტატუსი არ გაიცემა მუდმივი მდებარეობა (დაცვის ადგილი) ამჟამინდელი ადგილსამყოფელი თაროზე განთავსების ადგილი შეძენის თარიღი ღირებულება, შესყიდვის ნორმალური ფასი სრული შენახვის შიფრი შტრიხკოდი ბოლო ოპერაციის თარიღი ეგზემპლარის მიმდევრობითი ნომერი (კეტერი?) ფასის ძალაში შესვლის თარიღი ეგზემპლარის სახეობა საჯარო შენიშვნა
          ბათუმის შოთა რუსთაველის სახელმწიფო უნივერსიტეტის მთავარი ბიბლიოთეკა ბათუმის შოთა რუსთაველის სახელმწიფო უნივერსიტეტის მთავარი ბიბლიოთეკა წიგნსაცავი 2018-12-17 12.00 398.33(=353.1):39(=353.1) ო-91 59045 2018-12-17 59045 2018-12-17 წიგნი 12.00